| 000 | 00603nam a2200205Ia 4500 | ||
|---|---|---|---|
| 008 | 160803s9999 xx 000 0 und d | ||
| 020 | _a978-0060539603 | ||
| 100 | _aMayer, Mercer | ||
| 245 | 4 | _aThe best teacher ever/ | |
| 245 | _cby Mercer Mayer. | ||
| 260 | _aNew York : | ||
| 260 | _bScholastic Inc. | ||
| 260 | _c2010 | ||
| 300 | _a[23] unnumberd pages : | ||
| 300 | _bcolor illustrations ; | ||
| 300 | _c21 cm | ||
| 440 | _aThe new adventures of Mercer Mayer's Little Critter. | ||
| 500 | _aOriginally published: New York : Harper Collins Children's Books, c2008. | ||
| 700 | _a390 | ||
| 999 |
_c298368 _d298368 |
||